| 000 | 01005nam a2200241Ia 4500 | ||
|---|---|---|---|
| 003 | OSt | ||
| 005 | 20210504130607.0 | ||
| 008 | 210310s1968 sp abdogr 000 0 spa d | ||
| 040 |
_aCO-JMCR _cCO-JMCR |
||
| 041 | 0 | _aspa | |
| 082 | 0 | 4 |
_a330.9 / _bS156f _223 |
| 100 | 1 |
_aSampedro, J.L., _eautor _926023 |
|
| 245 | 1 | 0 |
_aLas fuerzas económicas de nuestro tiempo / _cJ. L. Sampedro |
| 260 |
_aMadrid, España : _bGuadarrama, _c1968. |
||
| 300 |
_a255 páginas : _bilustraciones, mapas, gráficos y fotografías ; _c19 cm. |
||
| 490 | 0 | _aBiblioteca para el hombre actual | |
| 500 | _a#N/A | ||
| 504 | _aBibliografía : páginas 237-248. | ||
| 505 | _aUn mundo en crisis. -- La explosión demográfica. -- La aceleración técnica. --La evolución social. -- Los sistemas resultantes. -- Hacia una planificación. -- Hacia el nuevo socialismo. -- Los países emergentes. -- | ||
| 650 | 1 | 4 |
_aDemografía _xFuerzas económicas _937410 |
| 650 | 2 | 4 |
_aEvolución social _xEconomía _937411 |
| 942 |
_2ddc _cBK |
||
| 999 |
_c11629 _d11629 |
||